000 00688cam a22002413a 4500
001 7872
003 PGUSA
005 20140828083150.0
008 050401s2005||||xxu|||||s|||||000 1 eng d
040 _aPGUSA
_beng
042 _adc
050 4 _aPR
100 1 _aJoyce, James,
_d1882-1941
245 1 0 _aDubliners
_h[electronic resource] /
_cJames Joyce
260 _bProject Gutenberg,
_c2005
506 _aCopyrighted. Read the copyright notice inside this book for details.
516 _aElectronic text
653 _aShort stories
653 _aDublin (Ireland) -- Fiction
830 0 _aProject Gutenberg
_v7872
856 4 0 _uhttp://www.gutenberg.org/ebooks/7872
942 _cAB
999 _c237172
_d237172